Child abuse /

Bibliographic Details
Main Author: Layman, Richard, 1947-
Format: Book
Language:English
Published: Detroit, MI : Omnigraphics, [1990]
Series:Current issues (Detroit, Mich.) ; v. 1.
Subjects:

MARC

Tag First Indicator Second Indicator Subfields
LEADER 00000cam a2200000 a 4500
001 in00001030821
005 20150928124113.0
008 900906s1990 miu b 001 0 eng
010 |a  90048200  
020 |a 1558882715 
035 |a (OCoLC)22452471 
035 |9 AFG7947AM 
040 |a DLC  |c DLC  |d TXA  |d UtOrBLW 
043 |a n-us--- 
049 |a TXAM 
050 0 0 |a HV6626.5  |b .L39 1990 
082 0 0 |a 362.7/6/0973  |2 20 
100 1 |a Layman, Richard,  |d 1947- 
245 1 0 |a Child abuse /  |c by Richard Layman. 
264 1 |a Detroit, MI :  |b Omnigraphics,  |c [1990] 
264 4 |c ©1990 
300 |a 122 pages ;  |c 24 cm. 
336 |a text  |b txt  |2 rdacontent 
337 |a unmediated  |b n  |2 rdamedia 
338 |a volume  |b nc  |2 rdacarrier 
490 1 |a Current issues;  |v v. 1 
504 |a Includes bibliographical references (pages [103]-106) and index. 
650 0 |a Child abuse  |z United States. 
830 0 |a Current issues (Detroit, Mich.) ;  |v v. 1. 
999 |a MARS 
999 f f |s 6755d039-039e-32ce-9c98-684e2012720e  |i b91a1d16-a76d-330a-be83-037de15207db  |t 0 
952 f f |p ric  |a Texas A&M University  |b Rellis Campus  |c Joint Library Facility  |d Remote Storage  |t 0  |e HV6626.5 .L39 1990  |h Library of Congress classification  |i unmediated -- volume  |m A14815372477 
998 f f |a HV6626.5 .L39 1990  |t 0  |l Remote Storage